|
|
|
|
| LEADER |
00000nam0a2200000 4500 |
| 001 |
281046 |
| 005 |
20231101235350.0 |
| 020 |
|
|
|a RU
|b 86-64572
|
| 035 |
|
|
|a (RuTPU)RU\TPU\book\304648
|
| 090 |
|
|
|a 281046
|
| 100 |
|
|
|a 20150116d1986 m y0rusy5003 ca
|
| 101 |
0 |
|
|a rus
|
| 102 |
|
|
|a RU
|
| 105 |
|
|
|a a j 001zy
|
| 200 |
1 |
|
|a Аналитическая геометрия и векторная алгебра
|e учебное пособие
|f В. А. Волков
|g Ленинградский государственный университет (ЛГУ)
|
| 210 |
|
|
|a Ленинград
|c Изд-во ЛГУ
|d 1986
|
| 215 |
|
|
|a 189 с.
|c ил.
|
| 320 |
|
|
|a Библиогр.: с. 187 (9 назв.)
|
| 320 |
|
|
|a Библиогр.: с. 187
|
| 606 |
1 |
|
|a Аналитическая геометрия
|2 stltpush
|3 (RuTPU)RU\TPU\subj\28991
|9 52410
|
| 606 |
1 |
|
|a Векторная алгебра
|2 stltpush
|3 (RuTPU)RU\TPU\subj\2111
|9 30722
|
| 610 |
1 |
|
|a высшая математика
|
| 610 |
1 |
|
|a метод координат
|
| 610 |
1 |
|
|a векторы
|
| 610 |
1 |
|
|a пространства
|
| 610 |
1 |
|
|a упражнения
|
| 610 |
1 |
|
|a учебные пособия
|
| 675 |
|
|
|a 514.12(075.8)
|v 3
|
| 675 |
|
|
|a 514.742(075.8)
|v 3
|
| 700 |
|
1 |
|a Волков
|b В. А.
|g Вадим Алексеевич
|
| 712 |
0 |
2 |
|a Ленинградский государственный университет (ЛГУ)
|c (1924-1991)
|2 stltpush
|3 (RuTPU)RU\TPU\col\77
|
| 801 |
|
0 |
|a RU
|b RuMRKP
|c 19950704
|g psbo
|
| 801 |
|
1 |
|a RU
|b 63413507
|c 20150116
|
| 801 |
|
2 |
|a RU
|b 63413507
|c 20170309
|g RCR
|
| 942 |
|
|
|c BK
|